Memoria (Record no. 56207)
[ view plain ]
| 000 -CABECERA | |
|---|---|
| campo de control de longitud fija | 01580cam a22004337a 4500 |
| 003 - IDENTIFICADOR DEL NÚMERO DE CONTROL | |
| campo de control | CHAP |
| 005 - FECHA Y HORA DE LA ÚLTIMA TRANSACCIÓN | |
| campo de control | 20220817042814.0 |
| 008 - DATOS DE LONGITUD FIJA--INFORMACIÓN GENERAL | |
| campo de control de longitud fija | 971013s1977 it r 10010 spa d |
| 010 ## - NÚMERO DE CONTROL DE LA BIBLIOTECA DEL CONGRESO | |
| Número de control de LC | 56207 |
| 011 ## - ENLACE DEL NUMERO DE CONTROL DE LA BIBLIOTECA DEL CONGRESO [OBSOLETO] | |
| Número de control de LC | 57179 |
| 035 ## - NÚMERO DE CONTROL DEL SISTEMA | |
| Número de control de sistema | 61332 |
| 040 ## - FUENTE DE LA CATALOGACIÓN | |
| Centro/agencia transcriptor | CHAP |
| 082 10 - NÚMERO DE LA CLASIFICACIÓN DECIMAL DEWEY | |
| Número de clasificación | 639.2 |
| Número de documento/Ítem | F46 v.200 |
| 111 00 - ENTRADA PRINCIPAL--NOMBRE DE CONGRESO/REUNIÓN | |
| Nombre de congreso/reunión o jurisdicción como elemento de entrada | Simposio sobre Adelantos en las Investigaciones Marinas en el Caribe y Regiones Adyacentes ( |
| Fecha del congreso/reunión | 1976 |
| Sede del congreso/Lugar de la reunión | : Caracas) |
| 9 (RLIN) | 106392 |
| 245 10 - MENCIÓN DE TÍTULO | |
| Título | Memoria |
| 260 ## - PUBLICACIÓN, DISTRIBUCIÓN, ETC. | |
| Lugar de publicación, distribución, etc. | Roma : |
| Nombre del editor, distribuidor, etc. | FAO, |
| Fecha de publicación, distribución, etc. | 1977 |
| 300 ## - DESCRIPCIÓN FÍSICA | |
| Extensión | 547 : |
| Otras características físicas | ilus. |
| 490 #0 - MENCIÓN DE SERIE | |
| Mención de serie | FAO. Informe de pesca |
| Designación de volumen o secuencia | ; 200 |
| 500 ## - NOTA GENERAL | |
| Nota general | Edición bilingue (español, inglés) |
| 500 ## - NOTA GENERAL | |
| Nota general | Supl. -- Roma : FAO, 1978. -- 638 p. : ilus. ; gráfs. |
| 590 ## - NOTA LOCAL (RLIN) | |
| Nota local | BATCH-UPD |
| Procedencia (VM) [OBSOLETO] | 10 |
| Condición del los carretes individuales (VM) [OBSOLETO] | 20130110 |
| -- | UCH01 |
| -- | 0745 |
| 590 ## - NOTA LOCAL (RLIN) | |
| Nota local | BATCH-UPD |
| Procedencia (VM) [OBSOLETO] | 10 |
| Condición del los carretes individuales (VM) [OBSOLETO] | 20130110 |
| -- | UCH01 |
| -- | 2355 |
| 590 ## - NOTA LOCAL (RLIN) | |
| Nota local | BATCH-UPD |
| Procedencia (VM) [OBSOLETO] | 10 |
| Condición del los carretes individuales (VM) [OBSOLETO] | 20130410 |
| -- | UCH01 |
| -- | 0426 |
| 590 ## - NOTA LOCAL (RLIN) | |
| Nota local | BATCH-UPD |
| Procedencia (VM) [OBSOLETO] | 10 |
| Condición del los carretes individuales (VM) [OBSOLETO] | 20130914 |
| -- | UCH01 |
| -- | 0642 |
| 590 ## - NOTA LOCAL (RLIN) | |
| Nota local | CONVERSION |
| Procedencia (VM) [OBSOLETO] | 10 |
| Condición del los carretes individuales (VM) [OBSOLETO] | 20130109 |
| -- | UCH01 |
| -- | 1330 |
| 650 14 - PUNTO DE ACCESO ADICIONAL DE MATERIA--TÉRMINO DE MATERIA | |
| Término de materia o nombre geográfico como elemento de entrada | Biología marina. |
| 9 (RLIN) | 12815 |
| 650 14 - PUNTO DE ACCESO ADICIONAL DE MATERIA--TÉRMINO DE MATERIA | |
| Término de materia o nombre geográfico como elemento de entrada | Pesquería. |
| 9 (RLIN) | 87496 |
| 650 14 - PUNTO DE ACCESO ADICIONAL DE MATERIA--TÉRMINO DE MATERIA | |
| Término de materia o nombre geográfico como elemento de entrada | Piscicultura. |
| 9 (RLIN) | 88531 |
| 700 0# - PUNTO DE ACCESO ADICIONAL--NOMBRE DE PERSONA | |
| Nombre de persona | Stewart, Harris B., Jr. |
| 9 (RLIN) | 109767 |
| 710 0# - PUNTO DE ACCESO ADICIONAL--NOMBRE DE ENTIDAD CORPORATIVA | |
| Nombre de entidad corporativa o nombre de jurisdicción como elemento de entrada | FAO. |
| 830 0# - PUNTO DE ACCESO ADICIONAL DE SERIE-TÍTULO UNIFORME | |
| Título uniforme | FAO. Informe de pesca |
| Designación de volumen o secuencia | ; 200 |
| 9 (RLIN) | 39587 |
| 901 ## - ELEMENTOS DE DATOS A LOCAL LDA (RLIN) | |
| a | BK |
| 905 ## - ELEMENTOS DE DATOS E LOCAL, LDE (RLIN) | |
| a | Patricia Mendoza P. |
| 942 ## - ELEMENTOS DE PUNTO DE ACCESO ADICIONAL (KOHA) | |
| Tipo de ítem Koha | Libro |
| 949 ## - PROCESAMIENTO DE INFORMACIÓN LOCAL (OCLC) | |
| a | 639.2 F46 v.200 supl. |
| b | BC |
| c | FAO |
| d | 33724000741997 |
| e | FAO1 |
| h | 47260 |
| i | 61332 |
| s | b |
| 949 ## - PROCESAMIENTO DE INFORMACIÓN LOCAL (OCLC) | |
| a | 639.2 F46 v.200 |
| b | BC |
| c | FAO |
| d | 33724000741963 |
| e | FAO1 |
| h | 44576 |
| i | 61332 |
| s | b |
| 949 ## - PROCESAMIENTO DE INFORMACIÓN LOCAL (OCLC) | |
| a | 639.2 F46 v.200 |
| b | BC |
| c | FAO |
| d | 33724000741971 |
| e | FAO2 |
| f | c.3 |
| h | 47584 |
| i | 61332 |
| s | b |
| 949 ## - PROCESAMIENTO DE INFORMACIÓN LOCAL (OCLC) | |
| a | 639.2 F46 v.200 |
| b | BC |
| c | FAO |
| d | 33724000741989 |
| e | FAO2 |
| f | c.2 |
| h | 47128 |
| i | 61332 |
| s | b |
| Estado de retiro | Estado de pérdida | Estado dañado | Restricciones de uso | No para préstamo | Código de colección | Localización permanente | Ubicación/localización actual | Ubicación en estantería | Fecha de adquisición | Información codificada de la localización en otra ubicación | Número de inventario | Total de préstamos | Signatura topográfica completa | Código de barras | Fecha visto por última vez | Precio válido a partir de | Tipo de ítem Koha | Número de copia |
|---|---|---|---|---|---|---|---|---|---|---|---|---|---|---|---|---|---|---|
| Préstamo 3 días | Publicaciones FAO | Biblioteca Central | Biblioteca Central | Planta Principal - Área de préstamo - FAO | 31/12/2019 | LIBRO | 127 | 639.2 F46 v.200 supl. | 33724000741997 | 31/12/2019 | 31/12/2019 | Libro | ||||||
| Préstamo 3 días | Publicaciones FAO | Biblioteca Central | Biblioteca Central | Planta Principal - Área de préstamo - FAO | 31/12/2019 | LIBRO | 127 | 639.2 F46 v.200 | 33724000741963 | 31/12/2019 | 31/12/2019 | Libro | ||||||
| Préstamo interno | Publicaciones FAO | Biblioteca Central | Biblioteca Central | Planta Principal - Área de préstamo - FAO | 31/12/2019 | LIBRO | 127 | 639.2 F46 v.200 | 33724000741971 | 31/12/2019 | 31/12/2019 | Libro | c.3 | |||||
| Préstamo interno | Publicaciones FAO | Biblioteca Central | Biblioteca Central | Planta Principal - Área de préstamo - FAO | 31/12/2019 | LIBRO | 127 | 639.2 F46 v.200 | 33724000741989 | 31/12/2019 | 31/12/2019 | Libro | c.2 |
